Теорія і практика віршового перекладу (Запис № 400816)

МАРК-запис
000 -Лідер
fixed length control field 00939nam a22002537a 4500
003 - Ідентифікатор контрольного номера
control field UA-OsUOA
001 - Контрольний номер
control field 114670
007 - Фіксоване поле фізичного опису
fixed length control field ta
008 - Елементи даних фіксованої довжини – загальна інформація
fixed length control field 20151117b un ||||| |||| 00| 0 ukr d
090 ## - Локальний шифр розміщення
Класифікаційний індекс УДК 81'25.4
Авторський знак (НП) З-66
040 ## - Джерело каталогізації
Агенція оригінальної каталогізації UA-OsUOA
Мова каталогізації ukr
Агенція, яка здійснювала перезапис UA-OsUOA
Агенція, яка здійснювала модифікацію UA-OsUOA
041 ## - Код мови
Код мови тексту/ звукової доріжки чи окремого заголовка (П) ukr
080 ## - Індекс Універсальної десяткової класифікації
Індекс Універсальної десяткової класифікації (УДК) (НП) 81'25.4
020 ## - Міжнародний стандартний книжковий номер (ISBN)
Міжнародний стандартний книжковий номер (ISBN) (НП) 978-966-2541-07-6
100 ## - Основне введення – ім’я особи
Ім’я особи (НП) Івасюк О. Я.
245 ## - Відомості про назву
Назва (НП) Теорія і практика віршового перекладу
Решта назви (НП) (На матеріалі творів Маргот Озбори та їх українських перекладів)
260 ## - Публікація, розповсюдження і т.п. (Вихідні дані)
Місце публікації, розповсюдження і т.п. (П) Чернівці
Ім’я/ наймення видавництва, розповсюджувача і т.п. (П) Чернівецький національний університет
Дата публікації, розповсюдження і т.п. (П) 2012
250 ## - Відомості про видання (редакцію)
-- 2-ге, доповнене
300 ## - Фізичний опис
Обсяг 112 с.
650 #7 - Додаткове предметне введення – тематичний термін
Тематичний термін чи географічна назва, як елемент введення (НП) 8 Мовознавство. Художня література. Літературознавство
Джерело заголовка чи терміна UDC
942 ## - Додаткові елементи входу (Коха)
Тип елемента Koha Книги
955 ## - Код типу видання за змістом
Код типу видання за змістом (НП) Навчальні видання
Фонди
Стан вилучень Стан втрат Джерело класифікації або схеми стелажів Стан уражень Не для кредиту Код колекції Постійне місце розташування Поточне розміщення Дата придбання Джерело придбання Вартість, звичайна ціна покупки Інвентарний номер Усього замовленно Повний номер виклику Штрих-код Дата останнього перегляду Ціна ефективна від Тип елемента Koha
    Universal Decimal Classification     Колекція Пасічника І.Д. ЧЗ - Читальна зала ЧЗ - Читальна зала 17/11/2015 46/2015 20.00 149656   81'25.4 З-66 149656 07/02/2022 17/11/2015 Книги